Visual basic.net : power tools (Record no. 171276)

MARC details
000 -LEADER
fixed length control field 00406nam a2200145Ia 4500
008 - FIXED-LENGTH DATA ELEMENTS--GENERAL INFORMATION
fixed length control field 231217s9999 xx 000 0 und d
041 ## - LANGUAGE CODE
Language code of text/sound track or separate title English
082 ## - DEWEY DECIMAL CLASSIFICATION NUMBER
Classification number 001.6424BAS PET1;1 R
100 ## - MAIN ENTRY--PERSONAL NAME
Personal name Petrautsos, Evangelos Mansfield, Richard
245 #0 - TITLE STATEMENT
Title Visual basic.net : power tools
260 ## - PUBLICATION, DISTRIBUTION, ETC.
Date of publication, distribution, etc. 2004
Name of publisher, distributor, etc. BPB
Place of publication, distribution, etc. New Delhi
300 ## - PHYSICAL DESCRIPTION
Extent xxii+694
650 ## - SUBJECT ADDED ENTRY--TOPICAL TERM
Topical term or geographic name entry element Visual,basic.net,:,power,tools
942 ## - ADDED ENTRY ELEMENTS (KOHA)
Koha item type Books
Holdings
Date last seen Total checkouts Full call number Accession number Cost, total (INR) price Price effective from Category Lost status Damaged status Department Withdrawn status Home library Current library Shelving location Entry date Vendor Cost, normal purchase price Grants Billnumber Billdate Currency symbol Conversion rate Discount Old discount
26/01/2024   001.6424BAS PET1;1 R 26576 288.00 26/01/2024 Books     Central Library   Central Library Central Library Central Library 08/03/2004 LBPD- L.B. Publishers & Distributors Pvt. Ltd. 360.00 MCA 4/37014 04/12/2005 RS 1 72 20
26/01/2024   001.6424BAS PET1;2 R1 26577 288.00 26/01/2024 Books     Central Library   Central Library Central Library Library Annex 08/03/2004 LBPD- L.B. Publishers & Distributors Pvt. Ltd. 360.00 MCA 4/37014 04/12/2005 RS 1 72 20
26/01/2024   001.6424BAS PET1;3 26578 288.00 26/01/2024 Books     Central Library   Central Library Central Library Central Library 08/03/2004 LBPD- L.B. Publishers & Distributors Pvt. Ltd. 360.00 MCA 4/37014 04/12/2005 RS 1 72 20

© For any Suggestions or Query, please contact the library staff @ librarian@pes.edu or Phone: +9180 2672 1983/ 2108.